| 000 | 00488nam a2200217Ia 4500 | ||
|---|---|---|---|
| 008 | 210210b1955 xxu||||| |||| 00| 0 eng d | ||
| 041 | _aeng | ||
| 082 | _a940/33 | ||
| 100 | _aBROOKS (V W) | ||
| 245 | _aFlowering of new England | ||
| 260 |
_aNew York _bE P Dutton & Co., _c1955 |
||
| 650 | _aPopular | ||
| 650 | _aof | ||
| 650 | _anew | ||
| 650 | _amodern | ||
| 650 | _ahistory | ||
| 650 | _aFlowering | ||
| 650 | _aEngland | ||
| 690 | _aEuropean History | ||
| 906 | _a025103 | ||
| 999 |
_c150952 _d150952 |
||